00795nam a2200217Ii 45000010005000000030009000050080041000140400033000550410008000880820014000961100083001102450062001932640029002553000012002843360026002963370028003223380027003509400050003779990017004279520133004444783CO-ViMGA241108s9999||||xx |||||||||||||| ||und|| aCO-ViMGAbspaerdacCO-ViMGA0 aspa04a641.1 O731 aOrganización de las Naciones Unidas para la Agricultura y la Alimentación,10aSelección de intervenciones para mejorar la nutrición 1aRoma, Italia : FAO, 1984 avolumen atextbtxt2rdacontent aunmediatedbn2rdamedia avolumebnc2rdacarrier aidficha_siabuc: 4659. -- ficha_no_siabuc:4783 c49697d49697 001040708001aMEVIGERRbMEVIGERRcGENd2006-11-27o641.1 O73pECA3740r2024-11-26 10:01:17tEj.1w2024-11-26yBKz4659 | 6726